Normal view
MARC view
- the Best Technology Writing2010
Entry Topical Term
001 - CONTROL NUMBER
- control field: 4034
003 - CONTROL NUMBER IDENTIFIER
- control field: JO-AjAnu
005 - DATE AND TIME OF LATEST TRANSACTION
- control field: 20230606070948.0
008 - FIXED-LENGTH DATA ELEMENTS
- fixed length control field: 230606|| aca||aabn | a|a d
040 ## - CATALOGING SOURCE
- Original cataloging agency: JO-AjAnu
- Transcribing agency: JO-AjAnu
150 ## - HEADING--TOPICAL TERM
- Topical term or geographic name entry element: the Best Technology Writing2010
670 ## - SOURCE DATA FOUND
- Source citation: Work cat.: (JO-AjAnu)2099: dibbell,Julian, author 4033, the Best Technology Writing2010